Estadísticas para Junta al País con su Capital: Norteamérica

Haz click aquí para intentar la prueba.

Estadísticas generales

  • Esta prueba ha sido intentada 47 veces
  • La puntuación promedio es 17 de 23

Estadísticas de respuestas

HintRespuesta% Correcto
MéxicoCiudad de México
100%
CubaLa Habana
100%
CanadáOttawa
97%
Estados UnidosWashington DC
97%
PanamáCiudad de Panamá
94%
Costa RicaSan José
94%
El SalvadorSan Salvador
94%
GuatemalaCiudad de Guatemala
87%
HaitíPuerto Príncipe
87%
HondurasTegucigalpa
87%
NicaraguaManagua
84%
República DominicanaSanto Domingo
81%
BeliceBelmopán
77%
JamaicaKingston
71%
BahamasNasáu
68%
Trinidad y TobagoPuerto España
65%
DominicaRoseau
55%
San Cristóbal y NievesBasseterre
48%
GranadaSaint George
48%
Antigua y BarbudaSaint John
45%
BarbadosBridgetown
42%
Santa LucíaCastries
42%
San Vicente y las GranadinasKingstown
39%

Distribución de puntuación

Porcentaje por número respondido

Porcentaje de gente con cada puntuación

Historial de tus puntuaciones

No has intentado esta prueba.